Turtles of Borneo and Peninsular Malaysia

Bibliographic Details
Main Author: LIM
Other Authors: Chan Chew Lun, Indraneil Das
Format: Book
Published: Kota Kinabalu, Sabah : Natural History Pub. , 1999
Subjects:

MARC

LEADER 00000cam a2200000 7i4500
001 0000002207
005 20030325.0
020 0 0 |a 9838120391 
090 0 0 |a 597.92   |b LIM 1999 
100 1 0 |a LIM   |h Boo Liat 
245 1 0 |a Turtles of Borneo and Peninsular Malaysia   |c Lim Boo Liat and Indraneil Das   |f photographs by C.L. Chan ... [et al.] 
260 0 0 |a Kota Kinabalu, Sabah :   |b Natural History Pub. ,   |c 1999 
300 |a [iv, 155] p. :   |b col. ill., col. map ;   |c 23 cm. 
500 0 0 |a Includes bibliographical references and index 
650 0 0 |a Turtles   |z Borneo 
650 0 0 |a Turtles   |z Peninsular Malaysia 
700 0 1 |a Chan   |h C.L. [  |q Chew Lun] 
700 0 1 |a Indraneil Das 
998 |a JPSM 
999 |a 0000003338   |b Monograph   |c Open Shelf   |e Default branch